| 000 | 00604 a2200229 4500 | ||
|---|---|---|---|
| 001 | 16438 | ||
| 999 |
_c16438 _d3157 |
||
| 003 | TR-AnTOB | ||
| 005 | 20190408212846.0 | ||
| 008 | 041102s2004 tu tur | ||
| 020 | _a9754940517 | ||
| 041 | _atur | ||
| 050 |
_aPL248.E84 _bA9 2004 |
||
| 090 | _aPL248.E84 A9 2004 | ||
| 100 |
_aEsendal, Memduh Şevket, _d1883-1952 _97590 |
||
| 245 | 0 |
_aAyaşlı ile kiracıları / _cMemduh Şevket Esendal. |
|
| 250 | _a12. bs. | ||
| 264 | 1 |
_aAnkara : _bBilgi Yayınevi, _c2004 |
|
| 300 |
_a256 p. ; _c21 cm. |
||
| 490 | 0 | _aMemduh Şevket Esendal Bütün Eserleri; 1 | |
| 902 | _a0005156 | ||
| 942 | _cBK | ||